000 01199cam a22002295a 4500
001 L137541
008 110901s2006 xxkabd f l000 0 eng d
035 _a(Sirsi) u137541
041 0 _aeng
050 0 4 _a333.72 $2 18
110 2 _aLondon Energy Partnership
_95082
245 0 0 _aDeveloping an energy action area
_ba beginner's guide
_h[electronic resource]
260 _aLondon
_bLondon Energy Partnership
_c2006
520 _aEnergy Action Areas aim to cut carbon emissions and demonstrate that sustainable energy can be cost effective and easy to install. Details how to select an area and appropriate technologies for that area, what the key steps are, what the delivery mechanisms might be, how to fund it and how to build support for the project. Draws on work conducted in existing pilot Energy Action Areas, particularly Barking town centre.
590 _aKA
650 2 4 _aCARBON REDUCTION
651 4 _aLondon
690 _aENVIRONMENTAL AND LAND CONSULTANCY-ENERGY-RENEWABLE ENERGY
710 1 _aSEA/RENUE Ltd
856 4 0 _uhttps://www.lep.org.uk/uploads/Guide%20to%20Developing%20an%20Energy%20Action%20Area.pdf
_zView the item free of charge at www.london.gov.uk
942 _n0
999 _c106812
_d106812